000 00401nam a22001217a 4500
008 230602b xxu||||| |||| 00| 0 eng d
082 _a303.6624
_bAMA
100 _d2002
245 _aPeace Beacons!
_bReport of Amani Forum Kenya Chapter on Mission to Sudan in March and May 2002
_cAmani Forum Kenya Chapter
260 _aKenya
_bAmani Forum Kenya Chapter
_cSeptember, 2002
300 _a74
942 _2ddc
_cBK
999 _c183
_d183